000 00966cam a2200229 4500
001 ABS62642
008 000000n2000 000 0 eng u
035 _a(Sirsi) u107189
100 _aCox, D.
245 4 _aThe Human Rights Act 1998 : issues for commericial property
260 _c2000
490 _aCorporate Briefing
_v14(6) June 2000, 18-20(3)
520 _aOutlines the effect the Human Rights Act 1998 will have on the way in which legal and other professionals approach property transactions. Discusses the sections most relevant to property transactions: Article 1 of the First Protocol -Right to peaceful enjoyment of property and possessions; Article 6 - Right to a fair trial; and Article 8 - Right to private life and home.
590 _aABS
650 _aHUMAN RIGHTS ACT 1998
650 _aPROPERTY TRANSACTIONS
650 _aPROPERTY-COMMERCIAL PROPERTY
650 _aFORFEITURE
650 _aDISTRAINT
690 _aLAW
942 _n0
999 _c64077
_d64077